| 000 | 00000nam 2200000za 4500 |
| 001 | 9.679882 |
| 003 | CaOODSP |
| 005 | 20240624082242 |
| 007 | ta |
| 008 | 150407s1996 oncdb # f000 0 fre d |
| 020 | |a0-660-95371-4 |
| 040 | |aCaOODSP|bfre |
| 043 | |an-cn--- |
| 086 | 1 |aNH15-148/1996F |
| 100 | 1 |aClatworthy, Stewart J.|q(Stewart Joseph),|d1948- |
| 245 | 10|aMigration et mobilité de la population autochtone du Canada / |cpreparé par: Stewart Clatworthy pour: Andrew J. Siggner et Denys Chamberland. |
| 260 | |a[Ottawa] : |bSociété canadienne d'hypothèques et de logement : |bCommission royale sur les peuples autochtones, |c1996. |
| 300 | |axii, 39 p. : |bgraphiques, cartes ; |c28 cm. |
| 500 | |a« Septembre 1996. » |
| 500 | |aPublié aussi en anglais sous le titre: Migration and mobility of Canada's aboriginal population. |
| 520 | |aLa présente étude examine diverses dimensions des tendances de migration, de mobilité résidentielle et de consommation de logement de la population autochtone du Canada. |
| 692 | 07|2gccst|aLogement |
| 692 | 07|2gccst|aAutochtones |
| 700 | 1 |aSiggner, Andrew J. |
| 700 | 1 |aChamberland, Denis. |
| 710 | 1 |aCanada. |bBureau du Conseil privé. |
| 710 | 1 |aCanada. |bCommission royale sur les peuples autochtones. |
| 710 | 2 |aSociété canadienne d'hypothèques et de logement. |
| 775 | 08|tMigration and mobility of Canada's aboriginal population / |w(CaOODSP)9.646325 |
| 776 | 0#|tMigration et mobilité de la population autochtone du Canada |w(CaOODSP)9.831364 |
| 986 | |aPF 0203 |